Municípios da Região Metropolitana de Guarabira (PB) no mapa - Statistics

Estatísticas Gerais
  • Esse quiz foi jogado 29 vezes
  • A pontuação média é 12 de 20
Respostas no mapa
Respostas codificadas por cores de uma escala verde-vermelha no mapa do quiz de acordo com a % correta abaixo.
 
Estatísticas das Respostas
Município % Correto
Guarabira
88%
Araçagi
75%
Pirpirituba
75%
Borborema
69%
Pilões
69%
Serraria
69%
Sertãozinho
69%
Alagoinha
63%
Bananeiras
63%
Belém
63%
Duas Estradas
63%
Pilõezinhos
63%
Solânea
63%
Arara
56%
Cuitegi
56%
Caiçara
38%
Lagoa de Dentro
38%
Logradouro
38%
Mulungu
38%
Serra da Raiz
38%
Nenhum quiz correspondente encontrado
Distribuição das Pontuações
Porcentagem de Pessoas com Cada Pontuação
Percentil de Números Respondidos
Sua Pontuação Histórica
Você não jogou esse quiz